| 000 | 00342nam a2200121Ia 4500 | ||
|---|---|---|---|
| 008 | 210430s9999 xx 000 0 und d | ||
| 082 | _a552.5 P477 S | ||
| 100 | _aPettijohn-Potter-Siever | ||
| 245 |
_aSand and Sandstone _cPettijohn-Potter-Siever |
||
| 260 |
_aIslamabad _bNational Book Foundation _c1965 |
||
| 300 | _a553p | ||
| 942 |
_cBK _2ddc |
||
| 999 |
_c563430 _d563430 |
||